عرض عادي عرض مارك
  • Shafiei, Masoud

مدخل إسم شخص

عدد التسجيلات المستخدمة في: 1

001 - رقم الضبط

  • حقل الضبط: 48244

003 - معرف رقم الضبط

  • حقل الضبط: OSt

005 - تاريخ ووقت أخر عملية

  • حقل الضبط: 20150708053424.0

008 - عناصر بيانات ثابتة الطول

  • حقل تحكم ثابت الطول: 150708|| aca||aabn | a|a d

040 ## - مصدر الفهرسة

  • هيئة الفهرسة الأصلية: OSt
  • وكالة الكتابة: OSt

100 ## - مدخل -- أسم شخص

  • إسم شخص: Shafiei, Masoud

670 ## - بيانات المصدر موجوده

  • الاستشهاد بالمصدر: Work cat.: (OSt)0: Savage, Alice, 1962- 48239, Effective academic writing. 1,, 2007.